[Event "DEM U10w 2023"]
[Site "Willingen GER"]
[Date "2023.06.02"]
[Round "10"]
[White "Lange, Lene Marie"]
[Black "Rhein, Linnea"]
[Result "1-0"]
[Termination "normal"]
[Board "16"]
[WhiteElo "1168"]
[BlackElo "849"]
[WhiteClock "01:02:44"]
[BlackClock "00:36:58"]
[PlyCount "81"]
[WhiteFideId "34639748"]
[BlackFideId "34649018"]
[EventCountry "GER"]
[EventRounds "11"]
[EventType "swiss"]
[EventDate "2023.05.27"]

1. e4 {[%clk 01:15:57]} {[%emt 00:00:02]} e5 {[%clk 01:15:52]} {[%emt
00:00:08]} 2. Nf3 {[%clk 01:16:02]} {[%emt 00:00:25]} Nc6 {[%clk 01:16:12]}
{[%emt 00:00:11]} 3. Bc4 {[%clk 01:16:02]} {[%emt 00:00:29]} Bc5 {[%clk
01:16:25]} {[%emt 00:00:17]} 4. Nc3 {[%clk 01:15:22]} {[%emt 00:01:09]} Nf6
{[%clk 01:16:41]} {[%emt 00:00:15]} 5. d3 {[%clk 01:15:21]} {[%emt 00:00:31]}
d6 {[%clk 01:16:52]} {[%emt 00:00:19]} 6. Bg5 {[%clk 01:15:20]} {[%emt
00:00:30]} h6 {[%clk 01:16:48]} {[%emt 00:00:35]} 7. Bh4 {[%clk 01:15:36]}
{[%emt 00:00:13]} Bd7 {[%clk 01:15:07]} {[%emt 00:02:11]} 8. O-O {[%clk
01:14:32]} {[%emt 00:01:33]} g5 {[%clk 01:14:41]} {[%emt 00:00:57]} 9. Bg3
{[%clk 01:14:34]} {[%emt 00:00:28]} g4 {[%clk 01:14:07]} {[%emt 00:01:05]} 10.
Nd2 {[%clk 01:12:00]} {[%emt 00:03:03]} Nd4 {[%clk 01:13:14]} {[%emt 00:01:24]}
11. Bh4 {[%clk 01:08:57]} {[%emt 00:03:33]} Qe7 {[%clk 01:12:04]} {[%emt
00:01:38]} 12. Nd5 {[%clk 01:06:56]} {[%emt 00:02:33]} O-O-O {[%clk 01:10:10]}
{[%emt 00:02:26]} 13. Nxe7+ {[%clk 01:07:14]} {[%emt 00:00:11]} Kb8 {[%clk
01:08:44]} {[%emt 00:01:55]} 14. Bxf6 {[%clk 01:07:23]} {[%emt 00:00:21]} Rhf8
{[%clk 01:08:24]} {[%emt 00:00:50]} 15. Nc6+ {[%emt 00:01:04]} Bxc6 {[%clk
01:08:22]} 16. Bxd8 {[%clk 01:07:39]} {[%emt 00:00:12]} Rxd8 {[%clk 01:08:08]}
{[%emt 00:00:39]} 17. c3 {[%clk 01:07:37]} {[%emt 00:00:37]} Nb5 {[%clk
01:07:12]} {[%emt 00:01:27]} 18. Bxb5 {[%clk 01:07:18]} {[%emt 00:00:49]} Bxb5
{[%clk 01:04:39]} {[%emt 00:03:17]} 19. c4 {[%clk 01:07:21]} {[%emt 00:00:26]}
Bd7 {[%clk 01:04:26]} {[%emt 00:00:43]} 20. Nb3 {[%clk 01:04:20]} {[%emt
00:03:32]} Bb6 {[%clk 01:03:57]} {[%emt 00:00:59]} 21. Qd2 {[%clk 01:02:09]}
{[%emt 00:02:41]} h5 {[%clk 01:03:27]} {[%emt 00:01:00]} 22. Qg5 {[%clk
01:01:50]} {[%emt 00:00:49]} Rh8 {[%clk 01:02:34]} {[%emt 00:01:23]} 23. Qf6
{[%clk 01:01:46]} {[%emt 00:00:34]} Rf8 {[%clk 01:02:45]} {[%emt 00:00:18]} 24.
Qe7 {[%emt 00:03:23]} Rh8 {[%clk 00:59:11]} {[%emt 00:00:48]} 25. Qxd7 {[%clk
01:02:26]} {[%emt 00:00:14]} a6 {[%clk 00:59:01]} {[%emt 00:00:41]} 26. Rac1
{[%clk 01:02:30]} {[%emt 00:00:25]} Rg8 {[%clk 00:55:12]} {[%emt 00:04:18]} 27.
Qxf7 {[%clk 01:02:28]} {[%emt 00:00:32]} Rh8 {[%clk 00:54:16]} {[%emt
00:01:27]} 28. c5 {[%clk 01:02:26]} {[%emt 00:00:33]} dxc5 {[%clk 00:54:04]}
{[%emt 00:00:42]} 29. Nxc5 {[%clk 01:02:42]} {[%emt 00:00:13]} h4 {[%clk
00:48:55]} {[%emt 00:05:36]} 30. Qf6 {[%clk 01:02:03]} {[%emt 00:01:10]} Rh7
{[%clk 00:46:58]} {[%emt 00:02:27]} 31. Qf5 {[%clk 01:01:45]} {[%emt 00:00:49]}
Rh8 {[%clk 00:44:42]} {[%emt 00:02:46]} 32. Nd7+ {[%clk 01:02:00]} {[%emt
00:00:17]} Ka7 {[%clk 00:43:41]} {[%emt 00:01:30]} 33. Nxb6 {[%clk 01:02:17]}
{[%emt 00:00:13]} Kxb6 {[%clk 00:43:45]} {[%emt 00:00:26]} 34. Qxe5 {[%clk
01:02:30]} {[%emt 00:00:17]} Rc8 {[%clk 00:41:13]} {[%emt 00:03:02]} 35. Qd4+
{[%clk 01:02:26]} {[%emt 00:00:34]} c5 {[%clk 00:40:59]} {[%emt 00:00:44]} 36.
Qd6+ {[%clk 01:02:24]} {[%emt 00:00:31]} Rc6 {[%clk 00:40:28]} {[%emt
00:01:02]} 37. Qd8+ {[%clk 01:02:45]} {[%emt 00:00:10]} Kb5 {[%clk 00:40:02]}
{[%emt 00:00:56]} 38. d4 {[%clk 01:02:39]} {[%emt 00:00:36]} cxd4 {[%clk
00:37:10]} {[%emt 00:03:21]} 39. Rxc6 {[%clk 01:03:01]} {[%emt 00:00:09]} bxc6
{[%clk 00:37:16]} {[%emt 00:00:24]} 40. Qb8+ {[%clk 01:03:11]} {[%emt
00:00:19]} Kc5 {[%clk 00:36:58]} {[%emt 00:00:48]} 41. Rc1# {[%clk 01:02:44]}
1-0

[Event "DEM U10w 2023"]
[Site "Willingen GER"]
[Date "2023.06.02"]
[Round "10"]
[White "Zietz, Leni"]
[Black "Wieckowicz, Bui Havy"]
[Result "1-0"]
[Termination "normal"]
[Board "17"]
[WhiteElo "893"]
[BlackElo "1065"]
[WhiteClock "00:50:09"]
[BlackClock "00:20:42"]
[PlyCount "111"]
[BlackFideId "34639926"]
[EventCountry "GER"]
[EventRounds "11"]
[EventType "swiss"]
[EventDate "2023.05.27"]

1. d4 {[%clk 01:15:58]} {[%emt 00:00:01]} d5 {[%clk 01:15:52]} {[%emt
00:00:09]} 2. Nf3 {[%clk 01:16:20]} {[%emt 00:00:07]} Nf6 {[%clk 01:16:10]}
{[%emt 00:00:13]} 3. Bf4 {[%clk 01:16:38]} {[%emt 00:00:11]} e6 {[%clk
01:16:26]} {[%emt 00:00:15]} 4. e3 {[%clk 01:16:51]} {[%emt 00:00:16]} Be7
{[%clk 01:16:44]} {[%emt 00:00:12]} 5. Bd3 {[%clk 01:17:07]} {[%emt 00:00:14]}
O-O {[%clk 01:16:34]} {[%emt 00:00:37]} 6. O-O {[%clk 01:17:27]} {[%emt
00:00:14]} b6 {[%clk 01:16:21]} {[%emt 00:00:43]} 7. c3 {[%clk 01:17:32]}
{[%emt 00:00:24]} Bb7 {[%clk 01:16:26]} {[%emt 00:00:26]} 8. Nbd2 {[%clk
01:17:10]} {[%emt 00:00:51]} Nbd7 {[%clk 01:16:23]} {[%emt 00:00:34]} 9. Ne5
{[%clk 01:16:27]} {[%emt 00:01:12]} c5 {[%clk 01:15:01]} {[%emt 00:01:53]} 10.
Qf3 {[%clk 01:15:52]} {[%emt 00:01:02]} Re8 {[%clk 01:09:28]} {[%emt 00:06:07]}
11. Bb5 {[%emt 00:05:18]} Bc8 {[%clk 01:04:26]} {[%emt 00:03:23]} 12. Bc6
{[%clk 01:13:00]} {[%emt 00:00:42]} Rb8 {[%clk 01:00:49]} {[%emt 00:04:07]} 13.
Nxf7 {[%clk 01:12:46]} {[%emt 00:00:43]} Kxf7 {[%clk 01:00:53]} {[%emt
00:00:23]} 14. Bxb8 {[%clk 01:13:08]} {[%emt 00:00:12]} Nxb8 {[%clk 01:01:08]}
{[%emt 00:00:04]} 15. Bxe8+ {[%clk 01:13:32]} {[%emt 00:00:16]} Kxe8 {[%clk
01:01:30]} {[%emt 00:00:08]} 16. Qg3 {[%clk 01:11:31]} {[%emt 00:02:28]} Bd6
{[%clk 00:59:41]} {[%emt 00:03:17]} 17. Qxg7 {[%clk 01:11:23]} {[%emt
00:00:39]} Nbd7 {[%clk 00:59:24]} {[%emt 00:00:47]} 18. Qh8+ {[%clk 01:11:07]}
{[%emt 00:00:43]} Nf8 {[%clk 00:59:22]} {[%emt 00:00:33]} 19. f4 {[%clk
01:10:29]} {[%emt 00:01:09]} Qe7 {[%clk 00:57:05]} {[%emt 00:02:47]} 20. Rf3
{[%clk 01:07:31]} {[%emt 00:03:28]} Kd7 {[%clk 00:52:35]} {[%emt 00:05:01]} 21.
Rg3 {[%clk 01:03:47]} {[%emt 00:04:14]} Nh5 {[%emt 00:01:12]} 22. Rg5 {[%emt
00:01:51]} Ng6 {[%clk 00:48:42]} {[%emt 00:01:19]} 23. Rxg6 {[%clk 01:01:11]}
{[%emt 00:03:06]} hxg6 {[%clk 00:46:05]} {[%emt 00:00:52]} 24. Qh6 {[%clk
00:56:41]} {[%emt 00:07:01]} Qf6 {[%clk 00:42:37]} {[%emt 00:04:11]} 25. g4
{[%clk 00:55:59]} {[%emt 00:01:13]} Bf8 {[%clk 00:39:50]} {[%emt 00:03:17]} 26.
Qh7+ {[%clk 00:55:51]} {[%emt 00:00:38]} Qg7 {[%clk 00:39:28]} {[%emt
00:00:52]} 27. Qxg7+ {[%clk 00:55:43]} {[%emt 00:00:38]} Nxg7 {[%clk 00:39:48]}
{[%emt 00:00:08]} 28. dxc5 {[%clk 00:55:33]} {[%emt 00:00:42]} Bxc5 {[%clk
00:39:33]} {[%emt 00:00:43]} 29. Nf1 {[%clk 00:55:17]} {[%emt 00:00:46]} Kd6
{[%clk 00:37:09]} {[%emt 00:02:55]} 30. a4 {[%clk 00:55:29]} {[%emt 00:00:20]}
a5 {[%clk 00:35:51]} {[%emt 00:01:47]} 31. Rb1 {[%clk 00:55:30]} {[%emt
00:00:29]} Ba6 {[%clk 00:35:43]} {[%emt 00:00:38]} 32. b4 {[%clk 00:55:46]}
{[%emt 00:00:15]} Bxf1 {[%clk 00:35:48]} {[%emt 00:00:23]} 33. bxc5+ {[%clk
00:56:05]} {[%emt 00:00:12]} bxc5 {[%clk 00:35:09]} {[%emt 00:01:07]} 34. Kxf1
{[%clk 00:56:22]} {[%emt 00:00:16]} e5 {[%clk 00:32:59]} {[%emt 00:02:40]} 35.
fxe5+ {[%clk 00:55:43]} {[%emt 00:01:09]} Kxe5 {[%clk 00:33:14]} {[%emt
00:00:14]} 36. Rb5 {[%clk 00:56:00]} {[%emt 00:00:14]} c4 {[%clk 00:33:12]}
{[%emt 00:00:33]} 37. Rb7 {[%clk 00:55:47]} {[%emt 00:00:43]} Ne6 {[%clk
00:33:23]} {[%emt 00:00:18]} 38. Rb5 {[%clk 00:55:29]} {[%emt 00:00:47]} Ke4
{[%clk 00:32:45]} {[%emt 00:01:10]} 39. Ke2 {[%clk 00:54:06]} {[%emt 00:01:53]}
Ng5 {[%clk 00:30:38]} {[%emt 00:02:36]} 40. h4 {[%clk 00:53:00]} {[%emt
00:01:36]} Nf3 {[%clk 00:30:21]} {[%emt 00:00:47]} 41. h5 {[%clk 00:52:35]}
{[%emt 00:00:56]} Ng1+ {[%clk 00:29:04]} {[%emt 00:01:34]} 42. Kd1 {[%clk
00:51:11]} {[%emt 00:01:59]} gxh5 {[%clk 00:26:37]} {[%emt 00:02:58]} 43. gxh5
{[%clk 00:51:27]} {[%emt 00:00:20]} Nf3 {[%clk 00:22:52]} {[%emt 00:04:14]} 44.
Rxa5 {[%clk 00:51:41]} {[%emt 00:00:17]} Ng5 {[%clk 00:22:29]} {[%emt
00:00:53]} 45. Rb5 {[%clk 00:51:34]} {[%emt 00:00:37]} Kd3 {[%clk 00:20:31]}
{[%emt 00:02:27]} 46. Rxd5+ {[%clk 00:51:19]} {[%emt 00:00:45]} Kxc3 {[%clk
00:20:48]} {[%emt 00:00:12]} 47. Rxg5 {[%clk 00:50:10]} {[%emt 00:01:39]} Kb2
{[%clk 00:21:11]} {[%emt 00:00:07]} 48. Rg2+ {[%clk 00:50:17]} {[%emt
00:00:23]} Kb1 {[%clk 00:20:41]} {[%emt 00:01:01]} 49. h6 {[%clk 00:50:33]}
{[%emt 00:00:15]} c3 {[%clk 00:20:30]} {[%emt 00:00:41]} 50. h7 {[%clk
00:50:22]} {[%emt 00:00:41]} Ka1 {[%clk 00:20:32]} {[%emt 00:00:27]} 51. Rc2
{[%clk 00:49:58]} {[%emt 00:00:55]} Kb1 {[%clk 00:20:45]} {[%emt 00:00:17]} 52.
Rxc3 {[%clk 00:50:18]} {[%emt 00:00:10]} Kb2 {[%clk 00:20:59]} {[%emt
00:00:16]} 53. Kd2 {[%clk 00:50:09]} {[%emt 00:00:38]} Kb1 {[%clk 00:21:03]}
{[%emt 00:00:27]} 54. Rc2 {[%clk 00:50:01]} {[%emt 00:00:38]} Ka1 {[%clk
00:20:42]} {[%emt 00:00:50]} 55. h8=Q+ {[%emt 00:00:10]} Kb1 {[%emt 00:00:07]}
56. Qb2# {[%clk 00:50:09]} {[%emt 00:00:05]} 1-0

[Event "DEM U10w 2023"]
[Site "Willingen GER"]
[Date "2023.06.02"]
[Round "10"]
[White "Ebel, Io Cornelia"]
[Black "Börner, Martha"]
[Result "1-0"]
[Termination "normal"]
[Board "21"]
[WhiteElo "768"]
[BlackElo "1086"]
[WhiteClock "01:02:47"]
[BlackClock "01:07:22"]
[PlyCount "41"]
[BlackFideId "34665382"]
[EventCountry "GER"]
[EventRounds "11"]
[EventType "swiss"]
[EventDate "2023.05.27"]

1. e4 {[%clk 01:15:56]} {[%emt 00:00:03]} c5 {[%clk 01:15:53]} {[%emt
00:00:07]} 2. c4 {[%clk 01:16:09]} {[%emt 00:00:17]} d6 {[%clk 01:16:15]}
{[%emt 00:00:07]} 3. Nc3 {[%clk 01:16:22]} {[%emt 00:00:17]} Nc6 {[%clk
01:16:21]} {[%emt 00:00:26]} 4. g3 {[%clk 01:16:35]} {[%emt 00:00:16]} Nf6
{[%clk 01:16:31]} {[%emt 00:00:20]} 5. Bg2 {[%clk 01:16:48]} {[%emt 00:00:17]}
g6 {[%clk 01:16:43]} {[%emt 00:00:18]} 6. d3 {[%clk 01:16:12]} {[%emt
00:01:06]} Bg7 {[%clk 01:16:49]} {[%emt 00:00:22]} 7. Be3 {[%clk 01:13:32]}
{[%emt 00:03:12]} O-O {[%clk 01:16:43]} {[%emt 00:00:36]} 8. Nf3 {[%clk
01:12:02]} {[%emt 00:02:00]} Bg4 {[%clk 01:16:42]} {[%emt 00:00:29]} 9. Qd2
{[%clk 01:11:10]} {[%emt 00:01:24]} Qb6 {[%clk 01:14:35]} {[%emt 00:02:34]} 10.
Bh6 {[%clk 01:09:46]} {[%emt 00:01:56]} Bxh6 {[%clk 01:14:44]} {[%emt
00:00:20]} 11. Qxh6 {[%clk 01:10:02]} {[%emt 00:00:13]} Qxb2 {[%clk 01:14:25]}
{[%emt 00:00:51]} 12. O-O {[%clk 01:07:34]} {[%emt 00:02:58]} Qxc3 {[%clk
01:14:29]} {[%emt 00:00:26]} 13. Ng5 {[%clk 01:07:24]} {[%emt 00:00:37]} Qxd3
{[%clk 01:14:14]} {[%emt 00:00:46]} 14. Rac1 {[%clk 01:06:49]} {[%emt
00:01:02]} Nd4 {[%clk 01:13:54]} {[%emt 00:00:56]} 15. Rb1 {[%clk 01:04:53]}
{[%emt 00:02:11]} b6 {[%clk 01:12:48]} {[%emt 00:01:50]} 16. e5 {[%clk
01:04:42]} {[%emt 00:00:43]} Nf3+ {[%clk 01:12:10]} {[%emt 00:01:04]} 17. Bxf3
{[%clk 01:04:24]} {[%emt 00:00:51]} Bxf3 {[%clk 01:11:25]} {[%emt 00:01:13]}
18. exf6 {[%clk 01:03:02]} {[%emt 00:01:54]} Qxf1+ {[%clk 01:07:26]} {[%emt
00:04:28]} 19. Kxf1 {[%clk 01:02:58]} {[%emt 00:00:35]} Be2+ {[%clk 01:07:27]}
{[%emt 00:00:29]} 20. Kxe2 {[%clk 01:03:12]} {[%emt 00:00:17]} Rfc8 {[%clk
01:07:22]} {[%emt 00:00:32]} 21. Qg7# {[%clk 01:02:47]} {[%emt 00:00:19]} 1-0

[Event "DEM U10w 2023"]
[Site "Willingen GER"]
[Date "2023.06.03"]
[Round "11"]
[White "Bohatyrova, Mariia"]
[Black "Nönnig, Lotte"]
[Result "1-0"]
[Termination "normal"]
[Board "1"]
[WhiteElo "1357"]
[BlackElo "1341"]
[WhiteClock "00:35:59"]
[BlackClock "00:00:57"]
[PlyCount "79"]
[WhiteFideId "34165789"]
[BlackFideId "34611509"]
[EventCountry "GER"]
[EventRounds "11"]
[EventType "swiss"]
[EventDate "2023.05.27"]

1. Nf3 {[%clk 01:15:59]} {[%emt 00:00:01]} d5 {[%clk 01:15:49]} {[%emt
00:00:11]} 2. d4 {[%clk 01:16:24]} {[%emt 00:00:05]} Nf6 {[%clk 01:16:05]}
{[%emt 00:00:14]} 3. c4 {[%clk 01:16:50]} {[%emt 00:00:05]} e6 {[%clk
01:16:22]} {[%emt 00:00:12]} 4. Nc3 {[%clk 01:17:15]} {[%emt 00:00:05]} Be7
{[%clk 01:16:41]} {[%emt 00:00:11]} 5. Bg5 {[%clk 01:17:38]} {[%emt 00:00:07]}
h6 {[%clk 01:16:59]} {[%emt 00:00:12]} 6. Bh4 {[%clk 01:17:49]} {[%emt
00:00:18]} O-O {[%clk 01:17:15]} {[%emt 00:00:15]} 7. e3 {[%clk 01:18:15]}
{[%emt 00:00:03]} b6 {[%clk 01:17:32]} {[%emt 00:00:14]} 8. cxd5 {[%clk
01:18:38]} {[%emt 00:00:07]} Nxd5 {[%clk 01:17:01]} {[%emt 00:01:00]} 9. Bxe7
{[%clk 01:19:01]} {[%emt 00:00:08]} Qxe7 {[%clk 01:16:56]} {[%emt 00:00:35]}
10. Nxd5 {[%clk 01:19:23]} {[%emt 00:00:08]} exd5 {[%clk 01:17:06]} {[%emt
00:00:19]} 11. Be2 {[%clk 01:18:57]} {[%emt 00:00:56]} Be6 {[%clk 01:16:56]}
{[%emt 00:00:41]} 12. O-O {[%clk 01:19:12]} {[%emt 00:00:15]} Nd7 {[%clk
01:16:16]} {[%emt 00:01:09]} 13. Rc1 {[%clk 01:19:10]} {[%emt 00:00:31]} Rfc8
{[%clk 01:10:35]} {[%emt 00:06:13]} 14. Ba6 {[%clk 01:19:09]} {[%emt 00:00:27]}
Re8 {[%clk 01:04:53]} {[%emt 00:06:16]} 15. Rxc7 {[%clk 01:17:44]} {[%emt
00:01:54]} Qd6 {[%clk 00:50:06]} {[%emt 00:15:17]} 16. Rc3 {[%clk 01:17:26]}
{[%emt 00:00:48]} Nf6 {[%clk 00:40:17]} {[%emt 00:10:20]} 17. Ne5 {[%clk
01:15:01]} {[%emt 00:02:55]} Rab8 {[%clk 00:28:28]} {[%emt 00:12:19]} 18. Nc6
{[%clk 01:10:01]} {[%emt 00:05:29]} b5 {[%clk 00:20:08]} {[%emt 00:08:51]} 19.
Nxb8 {[%clk 01:08:29]} {[%emt 00:02:01]} Rxb8 {[%clk 00:19:55]} {[%emt
00:00:44]} 20. Ra3 {[%clk 01:05:49]} {[%emt 00:03:08]} Rb6 {[%clk 00:17:43]}
{[%emt 00:02:43]} 21. Bxb5 {[%clk 01:05:30]} {[%emt 00:00:49]} Rxb5 {[%clk
00:17:40]} {[%emt 00:00:34]} 22. Rxa7 {[%clk 01:05:40]} {[%emt 00:00:20]} Rxb2
{[%clk 00:16:17]} {[%emt 00:01:53]} 23. Ra8+ {[%clk 01:05:50]} {[%emt
00:00:20]} Kh7 {[%clk 00:16:31]} {[%emt 00:00:16]} 24. Qd3+ {[%clk 01:06:10]}
{[%emt 00:00:08]} g6 {[%clk 00:15:37]} {[%emt 00:01:25]} 25. Qc3 {[%clk
01:04:13]} {[%emt 00:02:27]} Qb6 {[%clk 00:13:51]} {[%emt 00:02:16]} 26. Qa3
{[%clk 00:59:59]} {[%emt 00:04:39]} Qb4 {[%clk 00:12:02]} {[%emt 00:02:23]} 27.
Qa7 {[%clk 00:56:48]} {[%emt 00:03:37]} Qb5 {[%clk 00:09:12]} {[%emt 00:03:24]}
28. Rc8 {[%clk 00:52:31]} {[%emt 00:04:45]} Kg7 {[%clk 00:04:59]} {[%emt
00:04:46]} 29. Rcc1 {[%clk 00:40:33]} {[%emt 00:12:26]} Qe2 {[%clk 00:05:02]}
{[%emt 00:00:30]} 30. Rce1 {[%clk 00:40:08]} {[%emt 00:00:53]} Qc2 {[%clk
00:04:41]} {[%emt 00:00:51]} 31. Rc1 {[%clk 00:39:58]} {[%emt 00:00:40]} Qd2
{[%clk 00:04:45]} {[%emt 00:00:25]} 32. Qc7 {[%clk 00:37:29]} {[%emt 00:03:01]}
Ne4 {[%clk 00:04:25]} {[%emt 00:00:51]} 33. Qe5+ {[%clk 00:37:32]} {[%emt
00:00:25]} Nf6 {[%clk 00:03:51]} {[%emt 00:01:05]} 34. h3 {[%clk 00:36:35]}
{[%emt 00:01:26]} Bf5 {[%clk 00:01:29]} {[%emt 00:02:54]} 35. Rc6 {[%clk
00:35:24]} {[%emt 00:01:40]} h5 {[%clk 00:00:47]} {[%emt 00:01:13]} 36. Qxf6+
{[%clk 00:35:47]} {[%emt 00:00:06]} Kh6 {[%clk 00:00:36]} {[%emt 00:00:41]} 37.
Qxf5 {[%clk 00:35:24]} {[%emt 00:00:53]} Rxa2 {[%clk 00:00:38]} {[%emt
00:00:29]} 38. Qxf7 {[%clk 00:35:24]} {[%emt 00:00:29]} Kg5 {[%clk 00:00:33]}
{[%emt 00:00:35]} 39. Qxg6+ {[%clk 00:35:37]} {[%emt 00:00:17]} Kh4 {[%clk
00:00:57]} {[%emt 00:00:06]} 40. Qg3# {[%clk 00:35:59]} {[%emt 00:00:07]} 1-0